Salem Witch Trials Trivia - Statistics

General Stats
  • This quiz has been taken 312 times
  • The average score is 6 of 15
Answer Stats
Hint Answer % Correct
3. Where is Salem Massachusetts
81%
12. How many girls started the witch trials? 3
78%
1. What year did the witch trials start? 1692
73%
5. How many were men? 6
73%
2. When did it end? 1693
67%
4. How many people were executed for being witches? 20
67%
7. How was the other one executed? Crushed by rocks
33%
8. What was the name of #7? Giles Corey
31%
14. What was the name of the second girl, who was the preachers niece? Abigail Williams
26%
10. Who was the first one to be exectued? Bridget Bishop
20%
9. Who was the spouse of #8 who also was hanged for witch craft? Martha Corey
20%
13. What was the name of the first girl, who was also the preachers daughter? Elizabeth Parris
18%
6. All but one where hanged where? Gallows Hill
16%
15. What was the name of the third girl? Ann Putnam
15%
11. When was the first execution? June 10, 1692
9%
No matching quizzes found
Score Distribution
Percent of People with Each Score
Percentile by Number Answered
Your Score History
You have not taken this quiz